| 000 | 00822nam a22001937a 4500 | ||
|---|---|---|---|
| 008 | 090429t xxu||||| |||| 00| 0 eng d | ||
| 020 | _a9780321494382 | ||
| 020 | _a0321494385 | ||
| 082 | 0 | 0 |
_222 _a005.133 _bSAV |
| 100 | 1 |
_aSavitch, Walter J., _d1943- _94440 |
|
| 245 | 0 | 1 |
_aAbsolute C++ / _cWalter Savitch. |
| 250 |
_a3rd ed. _bPearson International Edition |
||
| 260 |
_aBoston, Mass. ; _aLondon : _bPearson/Addison Wesley, _cc2008. |
||
| 300 | 0 | 1 |
_axxvii, 943 p. : _bill. ; _c24 cm. |
| 504 | _aIncludes bibliographical references and index. | ||
| 650 | 0 |
_aC++ (Computer program language) _94441 |
|
| 942 |
_2ddc _cBB |
||
| 999 |
_c11459 _d11459 |
||